Relaciones : (Record no. 11199)
[ view plain ]
| 000 -LEADER | |
|---|---|
| fixed length control field | 01495nas a22002537a 4500 |
| 005 - DATE AND TIME OF LATEST TRANSACTION | |
| control field | 20260205153312.0 |
| 007 - PHYSICAL DESCRIPTION FIXED FIELD--GENERAL INFORMATION | |
| fixed length control field | cr |
| 008 - FIXED-LENGTH DATA ELEMENTS--GENERAL INFORMATION | |
| fixed length control field | 260205c1980 mx |||p| |||| 00| 0 spa d |
| 022 ## - INTERNATIONAL STANDARD SERIAL NUMBER | |
| International Standard Serial Number | 01853929 (impresa) |
| 022 ## - INTERNATIONAL STANDARD SERIAL NUMBER | |
| International Standard Serial Number | 24487554 (en línea) |
| 040 ## - CATALOGING SOURCE | |
| Transcribing agency | AR-FvUNAJ |
| 245 10 - TITLE STATEMENT | |
| Title | Relaciones : |
| Remainder of title | estudios de historia y sociedad / |
| Statement of responsibility, etc | El Colegio de Michoacán (México). |
| 260 ## - PUBLICATION, DISTRIBUTION, ETC. (IMPRINT) | |
| Place of publication, distribution, etc | Michoacán : |
| Name of publisher, distributor, etc | El Colegio de Michoacán, |
| Date of publication, distribution, etc | 1980 - |
| 300 ## - PHYSICAL DESCRIPTION | |
| Extent | Impresa y digital |
| 362 ## - DATES OF PUBLICATION AND/OR SEQUENTIAL DESIGNATION | |
| Dates of publication and/or sequential designation | Vol.1, No. 1 (invierno 1980) - |
| 500 ## - GENERAL NOTE | |
| General note | Relaciones Estudios de Historia y Sociedad es una revista de historia, ciencias sociales y humanidades que publica trabajos originales, inéditos y evaluados por pares, ya sea en la forma de artículos, ensayos o reseñas de libros. Con enfoque en la realidad mexicana y sus nexos latinoamericanos, anima al diálogo multidisciplinar y las perspectivas interdisciplinarias y comparativas que permitan una mejor comprensión del pasado y del presente de nuestras realidades sin menoscabo de otras conexiones globales. |
| 650 27 - SUBJECT ADDED ENTRY--TOPICAL TERM | |
| Source of heading or term | unescot |
| 9 (RLIN) | 600 |
| Topical term or geographic name as entry element | HISTORIA |
| 650 27 - SUBJECT ADDED ENTRY--TOPICAL TERM | |
| Source of heading or term | unescot |
| 9 (RLIN) | 651 |
| Topical term or geographic name as entry element | CIENCIAS SOCIALES |
| 710 1# - ADDED ENTRY--CORPORATE NAME | |
| 9 (RLIN) | 22084 |
| Corporate name or jurisdiction name as entry element | México. Secretaría de Ciencia, Humanidades, Tecnología e Innovación |
| Subordinate unit | El Colegio de Michoacán |
| 856 41 - ELECTRONIC LOCATION AND ACCESS | |
| Uniform Resource Identifier | <a href="https://revistarelaciones.colmich.edu.mx/index.php/relaciones/index">https://revistarelaciones.colmich.edu.mx/index.php/relaciones/index</a> |
| 856 41 - ELECTRONIC LOCATION AND ACCESS | |
| Uniform Resource Identifier | <a href="https://sitios.colmich.edu.mx/relaciones25/files/revistas/095/pdf/Giovanni_Levi.pdf">https://sitios.colmich.edu.mx/relaciones25/files/revistas/095/pdf/Giovanni_Levi.pdf</a> |
| Link text | Un problema de escala |
| 869 ## - Existencias | |
| Año | ---- |
| 942 ## - ADDED ENTRY ELEMENTS (KOHA) | |
| Source of classification or shelving scheme | Dewey Decimal Classification |
| Item type | Revista o publicación periódica |
| 980 ## - EQUIVALENCE OR CROSS-REFERENCE-SERIES STATEMENT--PERSONAL NAME/TITLE [LOCAL, CANADA] | |
| Linkage | 19227 |
| Personal name | Leticia Ana Abalos |
| Field link and sequence number | 19227 |
| Miscellaneous information | Leticia Ana Abalos |
| Withdrawn status | Lost status | Source of classification or shelving scheme | Damaged status | Not for loan | Collection code | Home library | Current library | Date acquired | Total Checkouts | Date last seen | Uniform Resource Identifier | Price effective from | Koha item type | Serial Enumeration / chronology |
|---|---|---|---|---|---|---|---|---|---|---|---|---|---|---|
| Dewey Decimal Classification | Acceso en línea | Revistas | Biblioteca Central | Biblioteca Central | 05/02/2026 | 05/02/2026 | https://revistarelaciones.colmich.edu.mx/index.php/relaciones/issue/view/103 | 05/02/2026 | Revista o publicación periódica | |||||
| Dewey Decimal Classification | Acceso en línea | Revistas | Biblioteca Central | Biblioteca Central | 05/02/2026 | 05/02/2026 | https://sitios.colmich.edu.mx/relaciones25/index.php/numeros-anteriores/9-numero/80-relaciones-95-verano-2003-vol-xxiv | 05/02/2026 | Revista o publicación periódica | Vol. XXIV, No.95 (verano 2003) |